000 00509nam a22001697a 4500
005 20251108165408.0
008 250721s1992 xx 000 0 ara d
082 1 4 _aم/927.8
100 1 _aفياض، ليلى لميحة
245 1 0 _aموسوعة أعلام الموسيقى العرب و الأجانب /
264 1 _aبيروت :
_bدار الكتب العلمية،
_c1992.
300 _a645 ص.
650 1 7 _aالتراجم
650 1 7 _aالموسيقيون
942 _2ddc
_cREF
999 _c26890
_d26890